ভ্রমণ আমেরিকা কানাডা / (Record no. 32142)
[ view plain ]
| 000 -LEADER | |
|---|---|
| fixed length control field | 01043nam a22001937a 4500 |
| 003 - CONTROL NUMBER IDENTIFIER | |
| control field | BDDh-ASL |
| 005 - DATE AND TIME OF LATEST TRANSACTION | |
| control field | 20231015031345.0 |
| 008 - FIXED-LENGTH DATA ELEMENTS--GENERAL INFORMATION | |
| fixed length control field | 201114s2016 bg ||||| |||| 00| 0 b d |
| 040 ## - CATALOGING SOURCE | |
| Original cataloging agency | BDDh-ASL |
| Transcribing agency | BDDh-ASL |
| Modifying agency | BDDh-ASL |
| 041 ## - LANGUAGE CODE | |
| Language code of text/sound track or separate title | bengali |
| 082 ## - DEWEY DECIMAL CLASSIFICATION NUMBER | |
| Classification number | 910 |
| Item number | BAB |
| 100 1# - MAIN ENTRY--PERSONAL NAME | |
| 9 (RLIN) | 1539 |
| Personal name | বড়ুয়া, জ্যোতি বিকাশ |
| 245 10 - TITLE STATEMENT | |
| Title | ভ্রমণ আমেরিকা কানাডা / |
| Statement of responsibility, etc. | জ্যোতি বিকাশ বড়ুয়া। |
| 246 ## - VARYING FORM OF TITLE | |
| Title proper/short title | Bhramon America Canada. |
| 260 ## - PUBLICATION, DISTRIBUTION, ETC. | |
| Place of publication, distribution, etc. | ঢাকা: |
| Name of publisher, distributor, etc. | মুক্তদেশ, |
| Date of publication, distribution, etc. | ২০১৬। |
| 300 ## - PHYSICAL DESCRIPTION | |
| Extent | ২৮০ পৃষ্ঠা: |
| Dimensions | ২২ সে.মি.। |
| Other physical details | রঙিন ছবি: |
| 650 #0 - SUBJECT ADDED ENTRY--TOPICAL TERM | |
| Topical term or geographic name entry element | Travel, Travelouge, ভ্রমণকাহিনী, Bhramaṇakāhinī, ভ্রমণ, Bhramaṇa, পর্যটন, travel, tour, journey, excursion, peregrination, pathway, পরিভ্রমণ করা, Travel Guide, ভ্রমণ সাহায্যকারী, Bhramaṇa sāhāyyakārī |
| 9 (RLIN) | 7139 |
| 942 ## - ADDED ENTRY ELEMENTS (KOHA) | |
| Source of classification or shelving scheme | Dewey Decimal Classification |
| Koha item type | Books |
| Withdrawn status | Lost status | Source of classification or shelving scheme | Damaged status | Not for loan | Collection code | Home library | Current library | Shelving location | Date acquired | Source of acquisition | Total Checkouts | Full call number | Barcode | Date last seen | Copy number | Price effective from | Koha item type | Public note |
|---|---|---|---|---|---|---|---|---|---|---|---|---|---|---|---|---|---|---|
| Dewey Decimal Classification | Non-fiction | Asiatic Society Library | Asiatic Society Library | General Stacks | 04/26/2023 | ASB Library Collection | 910 BAB | 120945 | 04/26/2023 | C-1 | 04/26/2023 | Books | Y-2016 |